Bharatvarshiya Bhuvavarnan Prachin (Record no. 1381710)

MARC details
000 -LEADER
fixed length control field 00779nam a2200301Ia 4500
008 - FIXED-LENGTH DATA ELEMENTS--GENERAL INFORMATION
fixed length control field 160525s9999||||xx |||||||||||||| ||und||
040 ## - CATALOGING SOURCE
Transcribing agency Marathi
082 ## - DEWEY DECIMAL CLASSIFICATION NUMBER
Classification number XI.G/Dixit
082 ## - DEWEY DECIMAL CLASSIFICATION NUMBER
Item number BORI-64418
100 ## - MAIN ENTRY--PERSONAL NAME
Personal name Shankar Balkrushna Dixit
245 ## - TITLE STATEMENT
Title Bharatvarshiya Bhuvavarnan Prachin
260 ## - PUBLICATION, DISTRIBUTION, ETC. (IMPRINT)
Place of publication, distribution, etc Pune
260 ## - PUBLICATION, DISTRIBUTION, ETC. (IMPRINT)
Name of publisher, distributor, etc Balwant Ganesh Dabholkar
260 ## - PUBLICATION, DISTRIBUTION, ETC. (IMPRINT)
Date of publication, distribution, etc 1899
300 ## - PHYSICAL DESCRIPTION
Extent 12+346pp
300 ## - PHYSICAL DESCRIPTION
Dimensions A
300 ## - PHYSICAL DESCRIPTION
Accompanying material Paperback
530 ## - ADDITIONAL PHYSICAL FORM AVAILABLE NOTE
Availability source "Natu, V. V."
530 ## - ADDITIONAL PHYSICAL FORM AVAILABLE NOTE
Uniform Resource Identifier <a href="00064418.pdf">00064418.pdf</a>
563 ## - BINDING INFORMATION
Binding note Study
600 ## - SUBJECT ADDED ENTRY--PERSONAL NAME
Personal name Shankar Balkrushna Dixit
630 ## - SUBJECT ADDED ENTRY--UNIFORM TITLE
Uniform title Bharatvarshiya Bhuvavarnan Prachin
650 ## - SUBJECT ADDED ENTRY--TOPICAL TERM
Topical term or geographic name as entry element General Indology
650 ## - SUBJECT ADDED ENTRY--TOPICAL TERM
Topical term or geographic name as entry element Geography
700 ## - ADDED ENTRY--PERSONAL NAME
Personal name Shankar Balkrushna Dixit
730 ## - ADDED ENTRY--UNIFORM TITLE
Uniform title Bharatvarshiya Bhuvavarnan Prachin
942 ## - ADDED ENTRY ELEMENTS (KOHA)
Koha item type Book

No items available.